One Border Countries by Flag - Statistics

General Stats
  • This quiz has been taken 14 times
  • The average score is 12 of 17
Answer Stats
Picture Hint Answer % Correct
Borders... United States (Canada Flag)
100%
Borders... Germany (Denmark Flag)
92%
Borders... Ireland (UK Flag)
92%
Borders... North Korea (South Korea)
92%
Borders... Spain (Portugal Flag)
92%
Borders... UK (Ireland Flag)
92%
Borders... Italy (Vatican City Flag)
85%
Borders... Italy (San Marino Flag)
77%
Borders... France (Monaco Flag)
69%
Borders... Indonesia (Papua New Guinea Flag)
69%
Borders... Saudi Arabia (Qatar Flag)
62%
Borders... Haiti (Dominican Republic Flag)
54%
Borders... Dominican Republic (Haiti Flag)
46%
Borders... Malaysia (Brunei Flag)
46%
Borders... Indonesia (Timor-Leste Flag)
38%
Borders... Senegal (Gambia Flag)
38%
Borders... South Africa {Lesotho Flag)
38%
No matching quizzes found
Score Distribution
Percent of People with Each Score
Percentile by Number Answered
Your Score History
You have not taken this quiz